00363nam a22001097a 4500082002500000100004000025245008200065260004200147300001900189526003700208650000800245 a297.2bMAUcL-31,P35 a Maudoodi, Maulana Syed Abu Al Ala  aIslami Tehzeeb Aur Us Kay Usul Aur MubadiatcMaulana Syed Abu Al Ala Maudoodi aLahore,bIslamic Publications .c1981 a362 p.c22 cm. a0b0c0d297_200000000000000_MAU aMCE